| 000 | 00000nam##2200000za#4500 |
| 001 | 9.573875 |
| 003 | CaOODSP |
| 005 | 20210624183918 |
| 007 | cr ||||||||||| |
| 008 | 150406|1995||||xxc|||||o f|0| 0 eng|d |
| 022 | |a1488-5379 |
| 040 | |aCaOODSP|beng |
| 043 | |an-cn--- |
| 086 | 1 |aFs97-6/2070E-PDF |
| 110 | 1 |aCanada. |bDepartment of Fisheries and Oceans. |
| 245 | 10|aLake Erie 1993, western, west central and eastern basins : |h[electronic resource]|bchange in trophic status, and assessment of the abundance, biomass and production of the lower trophic levels / |cby J.A. Dahl ... [et al.]. |
| 260 | |aBurlington - Ontario : |bFisheries and Oceans Canada |c1995. |
| 300 | |a132p.|bfig., graphs, references, tables |
| 490 | 1 |aCanadian technical report of fisheries and aquatic sciences|x1488-5379|vNo. 2070 |
| 500 | |aThe catalogue number (Fs97-6/2070E) and ISSN (0706-6457) for the print edition have been incorrectly copied in this electronic publication. |
| 546 | |a(Résumé en français) |
| 590 | |a12-23-Supp|b2012-05-28 |
| 720 | 1 |aDahl, J. A. |
| 776 | 0#|tLake Erie 1993, western, west central and eastern basins : |w(CaOODSP)9.612664 |
| 830 | #0|aCanadian technical report of fisheries and aquatic sciences,|x1488-5379|vNo. 2070|w(CaOODSP)9.504449 |
| 856 | 40|ahttp://publications.gc.ca|qPDF|s4.07 MB|uhttps://publications.gc.ca/collections/collection_2012/mpo-dfo/Fs97-6-2070-eng.pdf|yNo. 2070 |